Gershwin /

Bibliographic Details
Main Author: Jablonski, Edward
Format: Book
Language:English
Published: New York : Doubleday, 1987.
Edition:1st ed.
Subjects:

MARC

Tag First Indicator Second Indicator Subfields
LEADER 00000cam a2200000 a 4500
001 in00000008821
005 20151004050028.0
008 870206s1987 nyuaf b 00110beng
010 |a  87005270  
020 |a 0385194315 
035 |a (OCoLC)15221508 
035 |9 AAA1233AM 
040 |a DLC  |c DLC  |d TXA  |d UtOrBLW 
049 |a TXAM  |c [A12615541] 
050 0 0 |a ML410.G288  |b J29 1987 
082 0 |a 780/.92/4  |a B  |2 19 
100 1 |a Jablonski, Edward. 
245 1 0 |a Gershwin /  |c Edward Jablonski. 
250 |a 1st ed. 
264 1 |a New York :  |b Doubleday,  |c 1987. 
300 |a xv, 436 pages, 20 unnumbered pages of plates :  |b illustrations ;  |c 24 cm. 
336 |a text  |b txt  |2 rdacontent 
337 |a unmediated  |b n  |2 rdamedia 
338 |a volume  |b nc  |2 rdacarrier 
504 |a Bibliography: pages [393]-395. 
504 |a Discography: pages [402]-415. 
500 |a Includes index. 
536 |a Gift from the library of Frank and Elizabeth Coulter, December 1999. 
600 1 0 |a Gershwin, George,  |d 1898-1937. 
650 0 |a Composers  |z United States  |v Biography. 
999 |a MARS 
999 f f |s bc0a9105-7d3e-31df-8d89-c05fe723e200  |i 366fedb6-55bb-3fbe-b03c-6dbd90dffc83  |t 0 
952 f f |p storage  |a Texas A&M University  |b J.J. Pickle Campus  |c High Density Repository  |s HDR  |d Remote Storage  |t 0  |e ML410.G288 J29 1987  |h Library of Congress classification  |i unmediated -- volume  |m A14827841369 
998 f f |a ML410.G288 J29 1987  |t 0  |l Remote Storage